00406nam a22001337a 4500082003100000100002300031245006300054250000800117260004800125300001700173526003700190526003700227650000800264 a624.18341bREYcL-19, P-24 aReynolds, Chas. E. aReinforced concrete designer's handbookcChas. E. Reynolds a6th aLondonbConcrete Publications Limitedc1964 avi, 362 p. : a0b0c0d624_183410000000000_REY a0b0c0d624_183410000000000_REY aMCE